000 01264cam a22003374a 4500
999 _c3391
_d3391
001 13508361
003 OSt
005 20210407090607.0
008 040302s2005 mau b 001 0 eng
020 _a0072886145 (pbk. : alk. paper)
040 _aDLC
_cKABLIB
_dKABLIB
082 0 0 _a305.0973
_223
_bEXP
245 0 0 _aExperiencing race, class, and gender in the United States /
_c[edited by] Roberta Fiske-Rusciano, Virginia Cyrus.
250 _a4th ed.
260 _aBoston :
_bMcGraw-Hill,
_cc2005.
300 _axviii, 541, [16] p. ;
_c23 cm.
500 _aIncludes index (various pagings)
504 _aIncludes bibliographical references.
650 0 _aSocial classes
_zUnited States.
_98936
650 0 _aCultural pluralism
_zUnited States.
_98937
650 0 _aWomen
_zUnited States
_xSocial conditions.
_98938
650 0 _aGays
_zUnited States
_xSocial conditions.
_98939
650 0 _aDiscrimination
_zUnited States.
_98940
651 0 _aUnited States
_xSocial conditions
_y1980-
_98941
651 0 _aUnited States
_xRace relations.
_98942
651 0 _aUnited States
_xEthnic relations.
_98943
700 1 _aFiske-Rusciano, Roberta.
_98656
700 1 _aCyrus, Virginia.
_98657
906 _a7
_bcbc
_corignew
_d1
_eocip
_f20
_gy-gencatlg
942 _2ddc
_cBOOK